000 00359 a2200097 4500
245 0 0 _aOdbiorniki telewizji czarno-białej - Podział i postanowienia ogólne PN-77/T-05206 ark.00 /
_cMin. Przem. Maszynowego.
246 1 3 _aPN-77/T-05206 ark.00
246 1 3 _a621.397.62.001.33
260 _aWarszawa :
_bMin. Przem. Maszynowego,
_c1977.
300 _a2 stron ;
_c30 cm.
650 _aPolska norma
999 _c20141
_d20141